| 000 | 00686nam a22002057a 4500 | ||
|---|---|---|---|
| 005 | 20170718162019.0 | ||
| 010 | _aENG-119348 | ||
| 020 |
_a9788122507980 _c160.00 |
||
| 035 | _aEN-102880 | ||
| 037 | _bDBAD/PUB | ||
| 082 | _a332.45 | ||
| 100 | _aChaturvedi,D.D. | ||
| 245 |
_aEconomic regulation of domestic and foreign exchanges markekts / _cby D.D.Chaturvedi ,Gurveen Kaur [and] Vaibhav Puri |
||
| 260 |
_bKitab Mahal Publishers _c2016 _aNew Delhi |
||
| 270 |
_a8, Hari sadan, (g.f.) 20, ansari road, daryaganj _bNew Delhi _e110002 |
||
| 300 |
_aviii,180p. _c24cm(pbk) |
||
| 700 | _aGurveen Kaur | ||
| 700 | _a Vaibhav Puri | ||
| 942 |
_2ddc _cEN _h332.45 _mCHA |
||
| 999 |
_c142621 _d142621 |
||